Co přináší ePrivacy

Návrh nariadenia ePrivacy je spoločne s nariadením GDPR súčasťou legislatívneho balíka zameraného na ochranu a posilnenie jednotného digitálneho trhu EÚ. Konkrétnym cieľom je harmonizovaná úprava ochrany osobných údajov a súkromia v oblasti elektronickej komunikácie. V porovnaní s GDPR je ePrivacy...

Full description

Saved in:
Bibliographic Details
Main Author: Andraščiková, Jana
Format: Book Chapter
Language:Czech
Subjects:
Tags: Add Tag
No Tags, Be the first to tag this record!

MARC

LEADER 00000naa a2200000 4500
001 0253036
005 20191009082925.5
041 0 |a cze 
044 |a CZ 
245 1 0 |a Co přináší ePrivacy  |c Jana Andraščiková 
520 |a Návrh nariadenia ePrivacy je spoločne s nariadením GDPR súčasťou legislatívneho balíka zameraného na ochranu a posilnenie jednotného digitálneho trhu EÚ. Konkrétnym cieľom je harmonizovaná úprava ochrany osobných údajov a súkromia v oblasti elektronickej komunikácie. V porovnaní s GDPR je ePrivacy lex specialis; je zvláštnym, prednostným predpisom detailne upravujúcim konkrétnu časť všeobecnej úpravy GDPR, teda dáta elektronickej komunikácie, ktoré sú považované za osobné údaje. Vysoká úroveň ochrany údajov a ich spracovanie sú kľúčovým faktorom aj pre poistný sektor z hľadiska činnosti a dôvery spotrebiteľov. 
610 2 0 |a ochrana údajov osobných 
610 2 0 |a komunikácia elektronická 
610 2 0 |a digitalizácia 
610 2 0 |a trh elektronický 
610 2 0 |a harmonizácia 
610 2 0 |a smernice 
610 2 0 |a legislatíva 
610 2 0 |a dáta 
610 2 0 |a poistenie 
610 2 0 |a poisťovne 
610 2 0 |a Európska únia 
100 1 |a Andraščiková, Jana